[Event "HUN-chT2 Breyer 1718"]
[Site "Hungary"]
[Date "2018.01.28"]
[Round "7.7"]
[White "Szinavel, Zsolt"]
[Black "Sallai, Mate"]
[Result "1-0"]
[WhiteElo "2093"]
[BlackElo "1924"]
[PlyCount "71"]
[EventDate "2017.09.24"]
[EventType "team-tourn"]
[EventRounds "11"]
[EventCountry "HUN"]
[SourceTitle "EXT 2021"]
[Source "ChessBase"]
[SourceDate "2020.10.23"]
[SourceVersion "1"]
[SourceVersionDate "2020.10.23"]
[SourceQuality "1"]
[WhiteTeam "Kisber Aszar"]
[BlackTeam "Torokbalint"]
[WhiteTeamCountry "HUN"]
[BlackTeamCountry "HUN"]

1. Nf3 Nf6 2. g3 g6 3. Bg2 Bg7 4. 0-0 0-0 5. c4 c5 6. Nc3 d6 7. d4 cxd4 8. Nxd4 a6 9. b3 Qc7 10. Bb2 Nc6 11. Rc1 Qb6 12. c5 Qxc5 13. Nd5 Qa7 14. Nxc6 bxc6 15. Nxf6+ Bxf6 16. Bxf6 exf6 17. Qxd6 Be6 18. Rxc6 Rfd8 19. Qf4 f5 20. Rc7 Qb6 21. Bxa8 Rxa8 22. Rd1 a5 23. Rd4 Qb5 24. Qd2 Qe5 25. Rc2 h5 26. h4 Qb5 27. Rd8+ Rxd8 28. Qxd8+ Kh7 29. Qd4 Qb7 30. Rc5 f4 31. Qxf4 Bh3 32. e4 Be6 33. Rxa5 Qb4 34. Ra7 Kg7 35. Qe5+ Kh7 36. Qxe6 1-0

[Event "HUN-chT2 Breyer 1112"]
[Site "Hungary"]
[Date "2012.05.06"]
[Round "10.5"]
[White "Sallai, Mate"]
[Black "Dios, Istvan"]
[Result "0-1"]
[WhiteElo "1944"]
[BlackElo "1947"]
[PlyCount "58"]
[EventDate "2011.09.25"]
[EventType "team-tourn"]
[EventRounds "11"]
[EventCountry "HUN"]
[SourceTitle "EXT 2013"]
[Source "ChessBase"]
[SourceDate "2012.11.22"]
[SourceVersion "1"]
[SourceVersionDate "2012.11.22"]
[SourceQuality "1"]
[WhiteTeam "Torokbalint"]
[BlackTeam "MAV Elore"]
[WhiteTeamCountry "HUN"]
[BlackTeamCountry "HUN"]

1. e4 e5 2. Nf3 Nc6 3. Bc4 Bc5 4. c3 Nf6 5. d3 d6 6. Nbd2 0-0 7. h3 a6 8. Bb3 Be6 9. g4 Bxb3 10. axb3 d5 11. Qe2 dxe4 12. Nxe4 Be7 13. Nxf6+ Bxf6 14. g5 Be7 15. Be3 Qd5 16. 0-0-0 Qxb3 17. Nd2 Qe6 18. h4 b5 19. h5 g6 20. Ne4 b4 21. c4 Nd4 22. Bxd4 exd4 23. hxg6 fxg6 24. Kc2 a5 25. f4 a4 26. b3 axb3+ 27. Kxb3 Ra3+ 28. Kb2 Qa6 29. Qf3 Ra2+ 0-1

[Event "HUN-chT2 Breyer 1011"]
[Site "Hungary"]
[Date "2010.09.12"]
[Round "1.11"]
[White "Suhajda, Attila"]
[Black "Sallai, Mate"]
[Result "1/2-1/2"]
[WhiteElo "1892"]
[BlackElo "1979"]
[PlyCount "102"]
[EventDate "2010.09.12"]
[EventType "team-tourn"]
[EventRounds "11"]
[EventCountry "HUN"]
[SourceTitle "EXT 2012"]
[Source "ChessBase"]
[SourceDate "2011.11.24"]
[SourceVersion "1"]
[SourceVersionDate "2011.11.24"]
[SourceQuality "1"]
[WhiteTeam "Sarkany"]
[BlackTeam "Torokbalint"]
[WhiteTeamCountry "HUN"]
[BlackTeamCountry "HUN"]

1. e4 c5 2. Nc3 e6 3. g3 b6 4. Bg2 Bb7 5. d3 d6 6. f4 Nd7 7. Nf3 a6 8. 0-0 Qc7 9. Qe2 Ngf6 10. Bd2 Be7 11. Rae1 0-0-0 12. Nd1 h5 13. Ng5 Rdf8 14. e5 Ne8 15. Nf3 h4 16. f5 hxg3 17. hxg3 exf5 18. e6 Ne5 19. Nxe5 Bxg2 20. Qxg2 dxe5 21. Qa8+ Qb8 22. Qxa6+ Kd8 23. Rxf5 f6 24. Qa4 Qb7 25. Qe4 Qxe4 26. dxe4 Nd6 27. Rf3 Nc4 28. Rd3+ Kc8 29. Ne3 Nxe3 30. Bxe3 Rd8 31. Red1 Rxd3 32. Rxd3 Rd8 33. Rd5 Rd6 34. c4 Rxe6 35. Kg2 Kc7 36. a4 Kc6 37. b3 Bd6 38. g4 Re8 39. Rd1 Rh8 40. Rh1 Rxh1 41. Kxh1 g5 42. Kg2 Be7 43. Kf3 Kb7 44. Bd2 Ka7 45. Ke2 Ka6 46. Kd3 Kb7 47. Kc2 Ka7 48. Kb2 Kb7 49. Ka3 Ka6 50. b4 cxb4+ 51. Bxb4 Bc5 1/2-1/2

[Event "HUN-ch U16"]
[Site "Budapest"]
[Date "2010.07.04"]
[Round "9"]
[White "Farkas, Gabor"]
[Black "Sallai, Mate"]
[Result "0-1"]
[WhiteElo "2245"]
[BlackElo "1999"]
[PlyCount "70"]
[EventDate "2010.06.26"]
[EventType "swiss"]
[EventRounds "9"]
[EventCountry "HUN"]
[SourceTitle "CBM 137 Extra"]
[Source "ChessBase"]
[SourceDate "2010.09.01"]
[SourceVersion "1"]
[SourceVersionDate "2010.09.01"]
[SourceQuality "1"]

1. d4 Nf6 2. c4 c5 3. d5 e6 4. Nc3 exd5 5. cxd5 d6 6. e4 g6 7. h3 Bg7 8. Nf3 0-0 9. Bd3 b5 10. a4 c4 11. Bb1 b4 12. Ne2 Re8 13. Bg5 Qa5 14. Bxf6 Bxf6 15. Nfd4 Ba6 16. 0-0 Nd7 17. Nc6 Qc5 18. Ned4 Ne5 19. Qe2 Nxc6 20. Nxc6 c3 21. Qxa6 cxb2 22. Ra2 b3 23. Rxb2 Bxb2 24. Kh1 Bg7 25. f4 b2 26. f5 Qc1 27. Kg1 gxf5 28. e5 Bxe5 29. Qd3 Bg7 30. Qxf5 Re1 31. Qxh7+ Kf8 32. Qf5 Rxf1+ 33. Qxf1 Rc8 34. Be4 Rxc6 35. dxc6 Bd4+ 0-1

[Event "HUN-chT2 Breyer 0910"]
[Site "Hungary"]
[Date "2010.02.14"]
[Round "6"]
[White "Sallai, Mate"]
[Black "Haszon, Kamilla Sara"]
[Result "1-0"]
[WhiteElo "1993"]
[BlackElo "1741"]
[PlyCount "75"]
[EventDate "2009.11.08"]
[EventType "team-tourn"]
[EventRounds "11"]
[EventCountry "HUN"]
[SourceTitle "EXT 2011"]
[Source "ChessBase"]
[SourceDate "2010.11.26"]
[SourceVersion "1"]
[SourceVersionDate "2010.11.26"]
[SourceQuality "1"]
[WhiteTeam "Torokbalint"]
[BlackTeam "Honved II"]
[WhiteTeamCountry "HUN"]
[BlackTeamCountry "HUN"]

1. e4 c5 2. Nf3 d6 3. d4 cxd4 4. Nxd4 Nf6 5. Nc3 a6 6. Be3 e5 7. Nde2 Be6 8. h3 b5 9. a3 Qc7 10. g4 Nc6 11. Bg2 Be7 12. 0-0 Rc8 13. Rc1 Na5 14. b3 Nc6 15. Nd5 Bxd5 16. exd5 Nd8 17. Ng3 g6 18. Bh6 Qc5 19. Qf3 a5 20. Bg7 e4 21. Nxe4 Nxe4 22. Qxe4 Rg8 23. Bf6 Qa7 24. Rfe1 Rc7 25. g5 Nc6 26. dxc6 Kd8 27. Qd5 Bxf6 28. Qxd6+ Kc8 29. Qxf6 Kb8 30. Re2 Rgc8 31. Rce1 Qa6 32. Qd6 Qb6 33. Re8 Rxe8 34. Rxe8+ Ka7 35. Qd8 Ka6 36. Qa8+ Qa7 37. Qxa7+ Rxa7 38. Rd8 1-0

[Event "HUN-chT2 Breyer 0910"]
[Site "Hungary"]
[Date "2010.01.31"]
[Round "5"]
[White "Felmery, Tamas"]
[Black "Sallai, Mate"]
[Result "0-1"]
[WhiteElo "1774"]
[BlackElo "1993"]
[PlyCount "82"]
[EventDate "2009.11.08"]
[EventType "team-tourn"]
[EventRounds "11"]
[EventCountry "HUN"]
[SourceTitle "EXT 2011"]
[Source "ChessBase"]
[SourceDate "2010.11.26"]
[SourceVersion "1"]
[SourceVersionDate "2010.11.26"]
[SourceQuality "1"]
[WhiteTeam "Biatorbagy"]
[BlackTeam "Torokbalint"]
[WhiteTeamCountry "HUN"]
[BlackTeamCountry "HUN"]

1. c4 Nf6 2. Nc3 g6 3. d4 Bg7 4. e4 d6 5. f4 0-0 6. Nf3 c5 7. d5 e6 8. Bd3 exd5 9. cxd5 Re8 10. 0-0 c4 11. Bc2 b5 12. a3 a6 13. Be3 Bb7 14. Bd4 Nbd7 15. Re1 Qc7 16. Rc1 Re7 17. h3 Rae8 18. Bf2 Qb8 19. Nd2 Nc5 20. Qf3 Nfd7 21. b4 cxb3 22. Nxb3 Nxb3 23. Bxb3 Nc5 24. Bc2 Qc7 25. Nb1 Qa5 26. Bh4 Rc7 27. Re2 Na4 28. Be1 Bd4+ 29. Kh1 Qb6 30. Rd1 Nb2 31. Rxd4 Qxd4 32. Bc3 Rxc3 33. Qxc3 Qxc3 34. Nxc3 Nc4 35. Bd3 Nxa3 36. Rb2 Rc8 37. Na2 Kg7 38. Rb3 Nc4 39. g4 f5 40. Kg2 fxe4 41. Bxe4 Nd2 0-1

[Event "HUN-chT2 Breyer 0910"]
[Site "Hungary"]
[Date "2009.11.22"]
[Round "2"]
[White "Sallai, Mate"]
[Black "Bohm, Zsombor"]
[Result "1/2-1/2"]
[WhiteElo "1993"]
[BlackElo "1689"]
[PlyCount "79"]
[EventDate "2009.11.08"]
[EventType "team-tourn"]
[EventRounds "11"]
[EventCountry "HUN"]
[SourceTitle "EXT 2011"]
[Source "ChessBase"]
[SourceDate "2010.11.26"]
[SourceVersion "1"]
[SourceVersionDate "2010.11.26"]
[SourceQuality "1"]
[WhiteTeam "Torokbalint"]
[BlackTeam "Zsambek"]
[WhiteTeamCountry "HUN"]
[BlackTeamCountry "HUN"]

1. e4 c5 2. Nf3 Nc6 3. d4 cxd4 4. Nxd4 g6 5. Nc3 Bg7 6. Be3 Nf6 7. f3 0-0 8. Bc4 Qb6 9. Bb3 Nxe4 10. Nd5 Qa5+ 11. c3 Nf6 12. Nxf6+ Bxf6 13. Nc2 Qc7 14. Qd2 d6 15. 0-0-0 Bf5 16. h4 Rad8 17. g4 Bxc2 18. Bxc2 e6 19. h5 Ne5 20. Bb3 Nc4 21. Bxc4 Qxc4 22. Bg5 Bxg5 23. Qxg5 Qc5 24. Qh6 Qc7 25. f4 Qd7 26. f5 f6 27. hxg6 hxg6 28. Qh8+ Kf7 29. Qh7+ Ke8 30. Qxg6+ Qf7 31. Qxf7+ Rxf7 32. fxe6 Rg7 33. Rde1 Ke7 34. b4 Rdg8 35. c4 Rxg4 36. c5 dxc5 37. bxc5 R8g7 38. Kd2 R4g5 39. Kd3 Rxc5 40. Kd4 1/2-1/2

[Event "HUN-chT2 Erkel 0809"]
[Site "Hungary"]
[Date "2009.03.08"]
[Round "9.11"]
[White "Sallai, Mate"]
[Black "Tomasek, Tamas Mate"]
[Result "1-0"]
[WhiteElo "1973"]
[BlackElo "1915"]
[PlyCount "37"]
[EventDate "2008.10.26"]
[EventType "team-tourn"]
[EventRounds "11"]
[EventCountry "HUN"]
[SourceTitle "EXT 2010"]
[Source "ChessBase"]
[SourceDate "2010.11.25"]
[SourceVersion "1"]
[SourceVersionDate "2010.11.25"]
[SourceQuality "1"]
[WhiteTeam "TTC"]
[BlackTeam "Foti"]
[WhiteTeamCountry "HUN"]
[BlackTeamCountry "HUN"]

1. e4 c5 2. Nf3 d6 3. d4 cxd4 4. Nxd4 Nf6 5. Nc3 g6 6. Bc4 Bg7 7. Be3 0-0 8. Qd2 Ng4 9. Bg5 Qb6 10. Nb3 e6 11. h3 Ne5 12. Be2 f5 13. Be3 Qc6 14. exf5 exf5 15. 0-0-0 Nf7 16. Bd4 a6 17. Bxg7 Kxg7 18. Qd4+ Kg8 19. Nd5 1-0

[Event "HUN-chT2 Erkel 0809"]
[Site "Hungary"]
[Date "2009.02.22"]
[Round "8.10"]
[White "Sallai, Mate"]
[Black "Kalo, Istvan"]
[Result "1/2-1/2"]
[WhiteElo "1973"]
[BlackElo "2028"]
[PlyCount "51"]
[EventDate "2008.10.26"]
[EventType "team-tourn"]
[EventRounds "11"]
[EventCountry "HUN"]
[SourceTitle "EXT 2010"]
[Source "ChessBase"]
[SourceDate "2010.11.25"]
[SourceVersion "1"]
[SourceVersionDate "2010.11.25"]
[SourceQuality "1"]
[WhiteTeam "TTC"]
[BlackTeam "Ujszasz"]
[WhiteTeamCountry "HUN"]
[BlackTeamCountry "HUN"]

1. e4 e6 2. d4 b6 3. Nf3 Bb7 4. Bd3 d6 5. Nc3 Nd7 6. Be3 Be7 7. Qd2 c5 8. 0-0 Ngf6 9. Rfe1 c4 10. Bxc4 Nxe4 11. Nxe4 Bxe4 12. Ng5 Bg6 13. Bxe6 0-0 14. Bb3 Nf6 15. f3 d5 16. Nh3 a5 17. a4 Qc7 18. Nf4 Rad8 19. Nxg6 hxg6 20. Bf4 Bd6 21. Be5 Rfe8 22. Bxd6 Qxd6 23. Rxe8+ Rxe8 24. g3 Qe6 25. c3 Qf5 26. Kg2 1/2-1/2

[Event "HUN-chT2 Erkel 0809"]
[Site "Hungary"]
[Date "2009.02.08"]
[Round "7.10"]
[White "Veres, Istvan"]
[Black "Sallai, Mate"]
[Result "1-0"]
[WhiteElo "2024"]
[BlackElo "1973"]
[PlyCount "95"]
[EventDate "2008.10.26"]
[EventType "team-tourn"]
[EventRounds "11"]
[EventCountry "HUN"]
[SourceTitle "EXT 2010"]
[Source "ChessBase"]
[SourceDate "2010.11.25"]
[SourceVersion "1"]
[SourceVersionDate "2010.11.25"]
[SourceQuality "1"]
[WhiteTeam "Vaci"]
[BlackTeam "TTC"]
[WhiteTeamCountry "HUN"]
[BlackTeamCountry "HUN"]

1. e4 c5 2. Nf3 e6 3. d4 cxd4 4. Nxd4 a6 5. Nc3 Qc7 6. Bd3 Nf6 7. 0-0 Be7 8. Be3 0-0 9. a4 b6 10. f4 d6 11. g4 Bb7 12. g5 Nfd7 13. Rc1 Nc6 14. Nf3 Rad8 15. Qe1 Nc5 16. Qf2 d5 17. exd5 exd5 18. Nd4 Ne4 19. Bxe4 dxe4 20. Nf5 Qc8 21. Ng3 Na5 22. Ncxe4 Nc4 23. b3 Nxe3 24. Qxe3 Qc6 25. Qf3 Bc5+ 26. Kg2 Rfe8 27. Rce1 Rd4 28. Nf6+ gxf6 29. Rxe8+ Qxe8 30. Qxb7 Rd2+ 31. Kh3 fxg5 32. fxg5 Rxc2 33. Nf5 Qe6 34. Qb8+ Bf8 35. Rf3 Rd2 36. Qf4 Rd5 37. Kh4 Re5 38. Kg3 Re4 39. Qb8 Re5 40. Nh6+ Kg7 41. Rxf7+ Kg6 42. Rf6+ Qxf6 43. gxf6 Re3+ 44. Kg2 Bxh6 45. Qxb6 Re2+ 46. Kg3 Re3+ 47. Kf2 a5 48. f7+ 1-0

[Event "HUN-chT2 Erkel 0809"]
[Site "Hungary"]
[Date "2009.01.11"]
[Round "5.10"]
[White "Kozma, Gabor"]
[Black "Sallai, Mate"]
[Result "0-1"]
[WhiteElo "1907"]
[BlackElo "1973"]
[PlyCount "138"]
[EventDate "2008.10.26"]
[EventType "team-tourn"]
[EventRounds "11"]
[EventCountry "HUN"]
[SourceTitle "EXT 2010"]
[Source "ChessBase"]
[SourceDate "2010.11.25"]
[SourceVersion "1"]
[SourceVersionDate "2010.11.25"]
[SourceQuality "1"]
[WhiteTeam "Godollo"]
[BlackTeam "TTC"]
[WhiteTeamCountry "HUN"]
[BlackTeamCountry "HUN"]

1. e4 c5 2. Nc3 Nc6 3. d3 d6 4. g3 g6 5. Bg2 Bg7 6. Be3 e6 7. Qd2 Ne5 8. h3 Bd7 9. f4 Nc6 10. Nf3 Nge7 11. e5 dxe5 12. fxe5 Nxe5 13. Bxc5 N5c6 14. 0-0 0-0 15. Rae1 Rc8 16. Qf2 b6 17. Be3 Nf5 18. Bf4 Ncd4 19. Be5 Nxf3+ 20. Bxf3 f6 21. Bf4 e5 22. Be3 Nxe3 23. Qxe3 Bxh3 24. Rf2 Be6 25. Nb5 Qd7 26. a4 Rce8 27. Rd2 f5 28. d4 exd4 29. Qf4 Rd8 30. Nc7 Bf7 31. c3 g5 32. Qxg5 Qxc7 33. Re7 Rd7 34. Rxd7 Qxd7 35. Rxd4 Qe6 36. Bd5 Qe1+ 37. Kh2 Bxd5 38. Rxd5 Qf2+ 39. Kh3 Qf3 40. Rd2 f4 41. Rg2 fxg3 42. Rxg3 Qf5+ 43. Qxf5 Rxf5 44. Rd3 Kf8 45. Rd7 Rf7 46. Rd5 Ke7 47. a5 bxa5 48. Rxa5 Kd6 49. Kg4 Rb7 50. Rh5 h6 51. Rh2 Kc5 52. Kf5 Kc4 53. Rg2 Kb3 54. Ke4 Ka2 55. Kd3 Bf6 56. Rg6 Bg5 57. b4 Kb3 58. Rc6 Rd7+ 59. Ke4 Bd2 60. b5 h5 61. c4 h4 62. Kf3 h3 63. Kg3 Rh7 64. b6 axb6 65. Rxb6+ Kxc4 66. Kh2 Bf4+ 67. Kh1 h2 68. Rb2 Rd7 69. Rd2 Bxd2 0-1

[Event "HUN-chT2 Erkel 0809"]
[Site "Hungary"]
[Date "2008.10.26"]
[Round "1.9"]
[White "Sallai, Mate"]
[Black "Szarvas, Sandor"]
[Result "1-0"]
[WhiteElo "1973"]
[BlackElo "2089"]
[PlyCount "111"]
[EventDate "2008.10.26"]
[EventType "team-tourn"]
[EventRounds "11"]
[EventCountry "HUN"]
[SourceTitle "EXT 2010"]
[Source "ChessBase"]
[SourceDate "2010.11.25"]
[SourceVersion "1"]
[SourceVersionDate "2010.11.25"]
[SourceQuality "1"]
[WhiteTeam "TTC"]
[BlackTeam "Paszto"]
[WhiteTeamCountry "HUN"]
[BlackTeamCountry "HUN"]

1. e4 g6 2. d4 Bg7 3. Nf3 c5 4. c3 Qc7 5. Be2 d6 6. Be3 Nf6 7. Nbd2 0-0 8. h3 e5 9. Rc1 b6 10. 0-0 h6 11. b3 Nh5 12. Ne1 Nf4 13. Kh2 Nxe2 14. Qxe2 cxd4 15. cxd4 Qxc1 16. Nc4 Qa1 17. d5 Ba6 18. Nd3 Qxf1 19. Qxf1 Bxc4 20. bxc4 Nd7 21. Nb4 f5 22. exf5 gxf5 23. f3 f4 24. Bf2 Rae8 25. Qd3 e4 26. fxe4 Ne5 27. Qb3 Ng6 28. Qd3 Ne5 29. Qb3 Ng6 30. Qc2 Be5 31. Kg1 Re7 32. Nc6 Rg7 33. Kf1 Kh7 34. a4 Bf6 35. h4 Kg8 36. h5 Nh4 37. Bxh4 Bxh4 38. Nd4 f3 39. gxf3 Bg3 40. Ke2 Be5 41. Kd3 Bxd4 42. Kxd4 Rxf3 43. Qd2 Rgg3 44. Qe2 Kg7 45. Qd2 Ra3 46. Qc2 a6 47. Qd2 Rxa4 48. Qf4 Raa3 49. Qxd6 Rad3+ 50. Ke5 Rg5+ 51. Ke6 Rf3 52. Qe7+ Kg8 53. d6 Re3 54. Qf7+ Kh8 55. Qf6+ Kh7 56. e5 1-0